LEADER 01501nas 2200517-a 450 001 996212203003316 005 20231101152945.0 011 $a1467-9604 035 $a(OCoLC)42897804 035 $a(CKB)963017465050 035 $a(CONSER)--2010250525 035 $a(DE-599)ZDB2029005-6 035 $a(EXLCZ)99963017465050 100 $a19991129a19869999 s-- a 101 0 $aeng 135 $aurmnu|||||||| 181 $ctxt$2rdacontent 182 $cc$2rdamedia 183 $acr$2rdacarrier 200 00$aSupport for learning 210 $aHarlow, Essex $cLongman$d1986- 210 2 $a[Oxford] $cBlackwell Publishers 210 3 $aOxford, UK $cJohn Wiley & Sons Ltd 215 $a1 online resource 300 $aRefereed/Peer-reviewed 311 $a0268-2141 517 1 $aSfL 531 0 $aSupport learn. 606 $aRemedial teaching$vPeriodicals 606 $aÉducation$vPériodiques 606 $aEnseignement correctif$vPériodiques 606 $aRemedial teaching$2fast$3(OCoLC)fst01094408 606 $aLeren$2gtt 608 $aPeriodicals.$2fast 608 $aPeriodicals.$2lcgft 615 0$aRemedial teaching 615 6$aÉducation 615 6$aEnseignement correctif 615 7$aRemedial teaching. 615 17$aLeren. 676 $a371.9 712 02$aNational Association for Special Educational Needs (Great Britain), 906 $aJOURNAL 912 $a996212203003316 996 $aSupport for learning$92131609 997 $aUNISA LEADER 03391oam 2200493 450 001 9910808581303321 005 20190911112728.0 010 $a1-299-46236-7 010 $a981-4407-42-9 035 $a(OCoLC)838790838 035 $a(MiFhGG)GVRL8RHZ 035 $a(EXLCZ)992550000001019235 100 $a20130730h20132013 uy 0 101 0 $aeng 135 $aurun|---uuuua 181 $ctxt 182 $cc 183 $acr 200 10$aAndrei Sakharov $equarks and the structure of matter /$fHarry J. Lipkin, Weizmann Institute of Science, Israel 210 $aSingapore $cWorld Scientific Pub. Co.$d2013 210 1$aNew Jersey :$cWorld Scientific,$d[2013] 210 4$d?2013 215 $a1 online resource (xiv, 148 pages) $cillustrations 225 0 $aGale eBooks 300 $aIncludes index. 311 $a981-4407-41-0 320 $aIncludes index. 327 $aContents; Preface; Chapter 1. Quarks and Smuggled Postcards from Andrei Sakharov; Publicity to Help Sakharov and Refuseniks; The Harassment of Andrei Sakharov Despite His Scientific Achievements; Continuing Harassment of Andrei Sakharov; Appeals for Humane Treatment of Sakharov; Chapter 2. Andrei Sakharov and the Weizmann Institute; Sakharov's Contributions and Achievements; Chapter 3. TheWeizmann Institute and the Scientific History of Sakharov's Work; Following up the Formula in the Postcard; Why are There Always Too Many Particles?; Elements and Compounds; How To Test The Quark Theory 327 $aUpdating the 1966 Mass FormulaHow Particles Behave Like Tiny Magnets; Chapter 4. How Scientists Study Nature-Pure and Applied Research; What is Scientific Research?; From Relativistic Quantum Theory to the Human Brain; Appendix; The Impact of Dirac's Positrons on My Own Career; Creative Questioning; Chapter 5. The Building Blocks of Matter-What is a Quark?; The Structure of Matter; How Accelerators are Used as Microscopes; Gaps in the Mendeleev Periodic Table; Why Particles Seem to be Made out of Quarks; Gaps in the Next Mendeleev Table; Excitement About New Particles 327 $aWhy these New Particles were so Confusing-A Historical SurveyThe New Mendeleev Table including all Three Generations; Chapter 6. The Forces of Nature; Gravity and Electromagnetism; Forces and Energy in the Nucleus; The Nuclear Glue; Chapter 7. The Weak Force and the Discovery of the W Particle; Index 330 $aIn 1980, the Cold War was in full bloom. The Soviet father of the hydrogen bomb and Nobel Peace Laureate turned dissident physicist, Andrei Sakharov, had been exiled to Gorki by the Soviet authorities. Called "senile" and under heavy Soviet censorship, Sakharov had a hard time communicating his latest scientific results to readers outside of Gorki. Some smuggled results reached the author, Harry Lipkin, who then realized that he and Sakharov were both pioneers in a new revolution on our understanding the structure of matter. The particle physics community had resisted their revelation that the 606 $aQuarks 606 $aNuclear physics$xHistory 615 0$aQuarks. 615 0$aNuclear physics$xHistory. 676 $a539.72167 676 $a947.084092 700 $aLipkin$b Harry J$048854 801 0$bMiFhGG 801 1$bMiFhGG 906 $aBOOK 912 $a9910808581303321 996 $aAndrei Sakharov$94116007 997 $aUNINA LEADER 01716nam 22004453 450 001 9910157755303321 005 20250731080249.0 035 $a(CKB)3710000000942088 035 $a(BIP)057966590 035 $a(VLeBooks)9781787203068 035 $a(MiAaPQ)EBC32230338 035 $a(Au-PeEL)EBL32230338 035 $a(Exl-AI)993710000000942088 035 $a(OCoLC)968010249 035 $a(EXLCZ)993710000000942088 100 $a20250731d2016 uy 0 101 0 $aeng 135 $aurcnu|||||||| 181 $ctxt$2rdacontent 182 $cc$2rdamedia 183 $acr$2rdacarrier 200 14$aThe Extortioners 205 $a1st ed. 210 1$aTBD :$cPickle Partners Publishing,$d2016. 210 4$d©2016. 215 $a1 online resource (131 p.) 311 08$a1-78720-306-9 330 8 $aRICH MAN, CON MAN, ASSASSIN, THIEF...THEY PLAYED THE OLDEST--AND DEADLIEST--OF GAMESThey came at their victims from all sides.Bastiano--the feeble-minded monster whose brain knew nothing but the art of assault and mayhem...Angelo--who understood what a bottle of acid could do to a pretty face when it got in his way...Lola--who knew enough to blow the whole dirty operation to kingdom come...Gracio--who hadn't personally killed anyone in more than four years...These were the extortioners--experts in arson, intimidation, and murder. 606 $aExtortion$7Generated by AI 606 $aOrganized crime$7Generated by AI 615 0$aExtortion 615 0$aOrganized crime 700 $aDemaris$b Ovid$01376585 801 0$bMiAaPQ 801 1$bMiAaPQ 801 2$bMiAaPQ 906 $aBOOK 912 $a9910157755303321 996 $aThe Extortioners$94412429 997 $aUNINA